<?xml version="1.0" encoding="UTF-8"?>
<collection xmlns="http://www.loc.gov/MARC21/slim">
 <record>
  <leader>01067pamaa2200289   4500</leader>
  <controlfield tag="001">0000042812</controlfield>
  <controlfield tag="005">20121212090000.0</controlfield>
  <controlfield tag="008">071023                             eng  </controlfield>
  <datafield tag="020" ind1="0" ind2="0">
   <subfield code="a">1588296288 (pbk.) </subfield>
  </datafield>
  <datafield tag="090" ind1="0" ind2="0">
   <subfield code="a">RJ365 </subfield>
   <subfield code="b">BRI 2006</subfield>
  </datafield>
  <datafield tag="245" ind1="1" ind2="0">
   <subfield code="a">Bringing pain relief to children : </subfield>
   <subfield code="b">treatment approaches  </subfield>
   <subfield code="c">edited by G. Allen Finley, Patrick J. McGrath and Christine T. Chambers.</subfield>
  </datafield>
  <datafield tag="260" ind1="0" ind2="0">
   <subfield code="a">Totowa, N.J.: </subfield>
   <subfield code="b">Humana Press, </subfield>
   <subfield code="c">2006.</subfield>
  </datafield>
  <datafield tag="300" ind1=" " ind2=" ">
   <subfield code="a">xii, 240 p.: </subfield>
   <subfield code="b">ill.; </subfield>
   <subfield code="c">24 cm.</subfield>
  </datafield>
  <datafield tag="501" ind1="0" ind2="0">
   <subfield code="a">SAH</subfield>
  </datafield>
  <datafield tag="504" ind1="0" ind2="0">
   <subfield code="a">Includes bibliographical references and index</subfield>
  </datafield>
  <datafield tag="650" ind1="0" ind2="0">
   <subfield code="a">Pain in infants -- </subfield>
   <subfield code="x">Treatment </subfield>
  </datafield>
  <datafield tag="650" ind1="0" ind2="0">
   <subfield code="a">Pain in children -- </subfield>
   <subfield code="x">Treatment </subfield>
  </datafield>
  <datafield tag="650" ind1="0" ind2="0">
   <subfield code="a">Pain in adolescence -- </subfield>
   <subfield code="x">Treatment </subfield>
  </datafield>
  <datafield tag="650" ind1="0" ind2="0">
   <subfield code="a">Pain -- </subfield>
   <subfield code="x">therapy -- </subfield>
   <subfield code="x">Adolescent </subfield>
  </datafield>
  <datafield tag="650" ind1="0" ind2="0">
   <subfield code="a">Pain -- </subfield>
   <subfield code="x">therapy -- </subfield>
   <subfield code="x">Child </subfield>
  </datafield>
  <datafield tag="650" ind1="0" ind2="0">
   <subfield code="a">Pain -- </subfield>
   <subfield code="x">therapy -- </subfield>
   <subfield code="x">Infant </subfield>
  </datafield>
  <datafield tag="650" ind1="0" ind2="0">
   <subfield code="a">Adolescent Health Services </subfield>
  </datafield>
  <datafield tag="650" ind1="0" ind2="0">
   <subfield code="a">Child Health Services </subfield>
  </datafield>
  <datafield tag="700" ind1="1" ind2="1">
   <subfield code="a">Finley, </subfield>
   <subfield code="h">G. Allen </subfield>
  </datafield>
  <datafield tag="700" ind1="1" ind2="1">
   <subfield code="a">McGrath, </subfield>
   <subfield code="h">Patrick J. </subfield>
  </datafield>
  <datafield tag="700" ind1="1" ind2="1">
   <subfield code="a">Chambers, </subfield>
   <subfield code="h">Christine T. </subfield>
  </datafield>
  <datafield tag="901" ind1=" " ind2=" ">
   <subfield code="u">http://www.humanapress.com</subfield>
  </datafield>
 </record>
</collection>
